000
00304nam a22001337a 4500
020
_a
978-1-910952-04-7
040
_c
OneReason
082
_a
297 T3741 Z
100
_a
ABU Zakariya
_9
130122
245
_a
The Forbidden Prophecies
260
_a
London
_b
iERA
_c
2019
300
_a
170p.
942
_2
ddc
_c
BK
999
_c
614463
_d
614463